MARC details
| 000 -CABECERA |
| campo de control de longitud fija |
00886cam a2200253 a 4500 |
| 001 - NÚMERO DE CONTROL |
| campo de control |
000004759 |
| 005 - FECHA Y HORA DE LA ÚLTIMA TRANSACCIÓN |
| campo de control |
20250612105738.0 |
| 008 - DATOS DE LONGITUD FIJA--INFORMACIÓN GENERAL |
| campo de control de longitud fija |
741209s1974 sp 001 0 spa |
| 020 ## - NÚMERO INTERNACIONAL ESTÁNDAR DEL LIBRO |
| Número Internacional Estándar del Libro |
842530377x |
| 040 ## - FUENTE DE LA CATALOGACIÓN |
| Centro catalogador/agencia de origen |
DO-SdBNP |
| Centro/agencia transcriptor |
CtY |
| Centro/agencia modificador |
OCoLC |
| -- |
DLC |
| 041 17 - CÓDIGO DE LENGUA |
| Código de lengua del texto/banda sonora o título independiente |
spa |
| Código de lengua original |
fr |
| Fuente del código |
Código de idioma MARC |
| 082 ## - NÚMERO DE LA CLASIFICACIÓN DECIMAL DEWEY |
| Número de clasificación |
327.73 |
| Número de documento/Ítem |
B517m |
| 100 1# - ENTRADA PRINCIPAL--NOMBRE DE PERSONA |
| Nombre de persona |
Bernadac, Christian, |
| Fechas asociadas al nombre |
1937-2003. |
| 9 (RLIN) |
13821 |
| 240 14 - TÍTULO UNIFORME |
| Título uniforme |
Les mannequins nus. |
| Lenguaje de la obra |
Español |
| 245 14 - MENCIÓN DE TÍTULO |
| Título |
Los maniquíes desnudos : |
| Resto del título |
auschwitz / |
| Mención de responsabilidad, etc. |
Christian Bernadac ; traducido por Pedro Ardiaca. |
| 260 ## - PUBLICACIÓN, DISTRIBUCIÓN, ETC. |
| Lugar de publicación, distribución, etc. |
Barcelona : |
| Nombre del editor, distribuidor, etc. |
Grijalbo, |
| Fecha de publicación, distribución, etc. |
1974. |
| 300 ## - DESCRIPCIÓN FÍSICA |
| Extensión |
3 v. ; |
| Dimensiones |
20 cm. |
| 504 ## - NOTA DE BIBLIOGRAFÍA, ETC. |
| Nota de bibliografía, etc. |
Bibliografía: v 1. p. 341-345. |
| 534 ## - NOTA SOBRE LA VERSIÓN ORIGINAL |
| Encabezamiento principal del original |
Título original: |
| Mención de título del original |
Les mannequins nus. |
| 650 #0 - PUNTO DE ACCESO ADICIONAL DE MATERIA--TÉRMINO DE MATERIA |
| Término de materia o nombre geográfico como elemento de entrada |
Guerra Mundial, 1939-1945 |
| 9 (RLIN) |
13822 |
| 650 #4 - PUNTO DE ACCESO ADICIONAL DE MATERIA--TÉRMINO DE MATERIA |
| Término de materia o nombre geográfico como elemento de entrada |
Campo de concentración |
| Subdivisión geográfica |
Europa |
| 9 (RLIN) |
13823 |
| 700 1# - PUNTO DE ACCESO ADICIONAL--NOMBRE DE PERSONA |
| Nombre de persona |
Ardiaca, Pedro, |
| Término indicativo de función/relación |
tr. |
| 9 (RLIN) |
13824 |
| 910 ## - DATOS DE OPCIÓN DEL USUARIO (OCLC) |
| Datos de opción del usuario |
Catalogación por copia / LC |